[Event "Challenge"]
[Site "http://www.queenalice.com/game.php?id=1347591"]
[Date "2015.3.15"]
[Round "-"]
[White "JohnJJ57"]
[Black "Belle1996"]
[Result "1-0"]
[WhiteElo "1239"]
[BlackElo "1048"]

1. d4 d5 2. c3 e6 3. Qa4+ Nc6 4. g3 a6 5. f3 Nf6 6. Bg5 Be7 7. Bh3 O-O 8. Qc2
Bd7 9. Bg2 Qe8 10. Qb3 Rb8 11. a4 Na5 12. Qc2 Bc6 13. Bf4 Rc8 14. b4 Nc4 15. Kf2
Qd7 16. g4 Rfe8 17. g5 Nh5 18. Be5 Bxg5 19. Bg3 h6 20. h4 Qe7 21. Bh2 Qf6 22.
Qd3 Nb2 23. Qc2 Nc4 24. Nh3 Nf4 25. Kg3 Ne3 26. Qd2 Nc4 27. Qc1 Nxe2+ 28. Kf2
Bxc1 29. Kxe2 Bb2 30. Ra2 Bxc3 31. Nf4 Qxd4 32. Nd3 Rcd8 33. Be5 Qb6 34. Bxc3 e5
35. Nc5 h5 36. Rh3 Re7 37. Rg3 d4 38. Be1 Qxb4 39. Bxb4 Bd5 40. Ne4 Re6 41. Bh3
Bc6 42. Bxe6 fxe6 43. Ng5 b6 44. Nxe6 Re8 45. Nxc7 Rc8 46. Nxa6 Re8 47. Rg5 Bd7
48. Nc7 Rc8 49. Nd5 Bh3 50. Ne7+ Kh8 51. Rxh5# 1-0

[Event "Challenge"]
[Site "http://www.queenalice.com/game.php?id=1358068"]
[Date "2015.5.7"]
[Round "-"]
[White "Belle1996"]
[Black "JohnJJ57"]
[Result "0-1"]
[WhiteElo "1041"]
[BlackElo "1247"]

1. e4 g6 2. d3 c5 3. Nc3 Qa5 4. Bd2 e6 5. Nf3 f6 6. Be2 Qb4 7. O-O b6 8. h3 Qxb2
9. a3 Bd6 10. Nh4 Be5 11. Bf3 Bxc3 12. Be3 Be5 13. Rc1 a5 14. c4 a4 15. Bg4 Ra5
16. f3 d6 17. Kh1 Ke7 18. Qe1 Ra6 19. Rd1 Nc6 20. f4 h5 21. Bf3 Na5 22. Nxg6+
Ke8 23. Nxh8 Bc3 24. Bd2 Nxc4 25. dxc4 Bd4 26. Bxh5+ Kd7 27. Qg3 Bb7 28. Bf7 Ra8
29. Bxg8 f5 30. Rf3 Qc2 31. Rdf1 Bxh8 32. Qh4 Rxg8 33. Be1 Qxe4 34. R3f2 Bb2 35.
Bd2 Qxc4 36. Qh7+ Rg7 37. Qxg7+ Bxg7 38. Re1 Bd4 39. Rf3 Qc2 40. Rg3 Qxd2 41.
Rf1 Bf6 42. Rg6 Bb2 43. Rg7+ Bxg7 44. Rf3 Qd1+ 45. Kh2 e5 46. Rg3 Bf6 47. Rg6
exf4 48. Rxf6 Qh5 49. Rf8 Qh6 50. Rf7+ Ke6 51. Rxb7 Qf6 52. Rxb6 Qa1 53. h4 Qxa3
54. Rb8 f3 55. Re8+ Kd7 56. Rf8 Qd3 57. Rf7+ Ke6 58. Rg7 f2 59. h5 Qd4 60. h6
f1=Q 61. Rg6+ Kd7 62. Rg7+ Kc6 63. Rg6 Qh4# 0-1

[Event "Challenge"]
[Site "http://www.queenalice.com/game.php?id=1372113"]
[Date "2015.7.18"]
[Round "-"]
[White "JohnJJ57"]
[Black "Belle1996"]
[Result "0-1"]
[WhiteElo "1255"]
[BlackElo "1050"]

1. c4 e5 2. e4 Nc6 3. Qh5 Nf6 4. Qf5 Be7 5. Nc3 a6 6. Qg5 d6 7. Qxg7 Rf8 8. b3
Be6 9. f3 b6 10. Ba3 Nd4 11. Rc1 Qd7 12. b4 Bxc4 13. Bxc4 Qc6 14. Bf1 h6 15. b5
axb5 16. Bb4 Ra7 17. g3 Kd8 18. Bh3 Nd7 19. Ra1 Nb8 20. Qxh6 Na6 21. Ba3 Nc5 22.
Bb2 b4 23. Nb1 Nxf3+ 24. Nxf3 Nxe4 25. d3 Ra6 26. Kd1 Nc5 27. Bf1 Qxf3+ 28. Ke1
Qxh1 29. Nd2 Qd5 30. Qe3 Bf6 31. Qh6 Be7 32. Bh3 Na4 33. Bc1 Nc3 34. Bb2 Na4 35.
Bc1 f6 36. Bf5 b5 37. h4 Nc3 38. h5 Qh1+ 39. Nf1 d5 0-1